| 000 | 00488nam a2200169Ia 4500 | ||
|---|---|---|---|
| 005 | 20250508150205.0 | ||
| 008 | 008 250505s9999 xx 000 0 eng d | ||
| 037 | _aTextual | ||
| 040 |
_aFEDL _beng _cFEDL |
||
| 041 |
_aeng _2eng |
||
| 084 |
_a370.973, YAN _qFEDL |
||
| 100 |
_aYang Ching-Kun _9755964 |
||
| 245 | 0 | _aMeet the USA : Handbook for foreign students in the United States | |
| 650 | _aEducation | ||
| 942 |
_cTEXL _h370.973, YAN |
||
| 999 |
_c1322292 _d1322292 |
||